000 00745aas a2200217 4500
999 _c4044
_d4044
003 BR-BrBNA
005 20230317233953.0
007 ta
008 230119b bl ||||| |||| 00| 0 por d
035 _a000485-5
040 _aBR-BrBNA
_bPor
_cBR-BrBNA
042 _a081907-7
044 _abl
245 _aLeituras Selecionadas - Empresa Brasileira de Assistência Técnica e Extensão Rural (Brazil)
260 _aBrasília-DF
_bEmpresa Brasileira de Assistência Técnica e Extensão Rural
_c1979. Data final de publicação em 1985
_eBDF
270 _aSAIN - Parque Rural - Caixa Postal 070.530 - 70770-000
310 _airregular
505 _a1979 (3-5); 1983 (1,3); 1984(1-2,4-12); 1985 (13-23);
909 _a56
_bSergio Santos
_c56
_dSergio Santos
942 _cCR
_2AGRIS